Getting more from your Bible reading. (Record no. 3324)

000 -LEADER
fixed length control field 00647nam a2200205 a 4500
001 - CONTROL NUMBER
control field :::00001054$&:&@@
003 - CONTROL NUMBER IDENTIFIER
control field OkBaRHE
005 - DATE AND TIME OF LATEST TRANSACTION
control field 20100331160752.0
008 - FIXED-LENGTH DATA ELEMENTS--GENERAL INFORMATION
fixed length control field s1982 j 000 0 eng u
020 ## - INTERNATIONAL STANDARD BOOK NUMBER
International Standard Book Number 0871232561 (pbk.)
040 ## - CATALOGING SOURCE
Transcribing agency
100 1# - MAIN ENTRY--PERSONAL NAME
Personal name Carlson, John Alan, 1951-
245 10 - TITLE STATEMENT
Title Getting more from your Bible reading.
260 ## - PUBLICATION, DISTRIBUTION, ETC. (IMPRINT)
Place of publication, distribution, etc Minneapolis, MN., :
Name of publisher, distributor, etc Bethany House
Date of publication, distribution, etc 1982
300 ## - PHYSICAL DESCRIPTION
Extent 137 p. ;
Dimensions 21 cm.
650 ## - SUBJECT ADDED ENTRY--TOPICAL TERM
Topical term or geographic name as entry element Bible
General subdivision Criticism, Interpretation, etc
650 ## - SUBJECT ADDED ENTRY--TOPICAL TERM
Topical term or geographic name as entry element Bible
General subdivision Study
942 ## - ADDED ENTRY ELEMENTS (KOHA)
Source of classification or shelving scheme
Koha item type Books
Copies
Price effective from Date acquired Barcode Full call number Not for loan Source of classification or shelving scheme Damaged status Lost status Permanent Location Copy number Koha item type Date last seen Shelving location Withdrawn status
2010-04-142010-04-141054BS 511.2 .C37 1982    RHEMA Bible Training College1Books2010-04-14General Stacks